000 00292nam a22001097a 4500
999 _c519235
_d519235
082 _aPKP A7x54 K529
100 _aKhullar, D.R
_929923
245 _aIndia:
_bA comprehensive geography
_cby D.R. Khullar
260 _aNew Delhi
_bKalyani
_c2005
300 _av.p.
650 _aGeography
_929924